000 00319nam a2200157Ia 4500
100 _aWilliams/Elliot
942 _cBK
366 _f25
654 _aAVR programming
245 _aMake: AVR programming
260 _bOreilly
_c2014
082 _bWIL
300 _a451
546 _aENGLISH
_cComputers
999 _c34021
_d34021